Statistics for Natural Features of Countries #1

Click here to take the quiz!

General Stats

  • This quiz has been taken 45,909 times
    (37,498 since last reset)
  • The average score is 13 of 21

Answer Stats

Natural Feature Country % Correct
Grand CanyonUnited States
100%
Mt. FujiJapan
95%
Yellow RiverChina
82%
Cape of Good HopeSouth Africa
82%
Mt. EtnaItaly
75%
Yucatan PeninsulaMexico
75%
Mt. KilimanjaroTanzania
74%
EyjafjallajokullIceland
74%
Bali IslandIndonesia
72%
Galapagos IslandsEcuador
71%
UluruAustralia
70%
Lake BaikalRussia
68%
Angel FallsVenezuela
61%
Jutland PeninsulaDenmark
57%
Atacama DesertChile
55%
Bay of FundyCanada
46%
The DardanellesTurkey
39%
Andaman IslandsIndia
31%
AnnapurnaNepal
31%
Lake BalatonHungary
23%
Arenal VolcanoCosta Rica
18%

Score Distribution

Percentile by Number Answered

Percent of People with Each Score

Your Score History

You have not taken this quiz since the last reset